00872nam a2200241 a 450000100060000000300080000600500170001400800410003103500190007204000410009104100080013208200240014010000460016424500800021026000440029030000280033450400300036265000380039265000310043094200120046199900170047395201400049056145BD-RjUL20211209080346.0161127s1964 nyua b 000 0 eng  a(BD-RjUL)56269 aDLCcODaWUdOCoLCdDLCdBD-RjULbeng aeng a552.5223bROA 19641 aRomanova, Marii︠a︡ Andreevna.916713010aAir survey of sand deposits by spectral luminance /cby Mariya A. romanova. aNew York :bConsultants Bureau,cc1964. a158 p :bill. ;c28 cm. aBibliography: p. 143-146. 0aSandxOptical properties.9167131 0aSpectrophotometry.9167132 2ddccBK c56145d56145 00102ddc40708NFICaRUCLbRUCLcStackd1966-08-30eAsia foundatong0.00l0o552.5 ROA 1964r2016-11-27 00:00:00tC-2w2016-11-27yBK